Modernismus und Postmodernismus

Bibliographic Details
Main Author: Žilka, Tibor, 1939- (Author)
Other Authors: Nieburová, Berta, 1919-2006 (Translator)
Format: Book
Language:German
Slovak
PhysicalDescription:91 s. 20 cm
Published: Nitra Vysoká škola pedagogická 1994
ISBN:808873844X
Series:Výskumné materiály
Subjects:

MARC

LEADER 00000cam a2200000 a 4500
001 vtls001079051
003 SK-MaSNL
005 20260301193631.0
008 240606s1994 xo frn 000 0 ger
015 |a SNBA1995/06 
020 |a 808873844X 
035 |a SNK000021886 
035 |a urn:nbn:sk:snk-amke7j 
035 |a urn:nbn:sk:snk-am003uqr 
035 |a 0A1D914F-C324-4EFA-80E9-58CE61F1A945 
040 |a SNK  |b slo  |c SNK  |e AACR2 
041 1 |a ger  |h slo 
044 |a xo  |c SK 
072 7 |a 82.0  |x Literatúra (teória)  |2 konspekt 
080 |a 82.0=30  |2 1981 
080 |a 82.02"1880/1945"  |2 2011 
080 |a 82.02"1960/20.."  |2 2011 
080 |a (048.8)  |2 2011 
100 1 |a Žilka, Tibor,  |d 1939-  |4 aut  |9 100527 
245 1 0 |a Modernismus und Postmodernismus  |c Tibor Žilka ; übersetzt Berta Nieburová 
260 |a Nitra  |b Vysoká škola pedagogická  |c 1994  |e Nitra  |f ARTEX 
300 |a 91 s.  |c 20 cm 
366 |e 200 výtl. 
490 1 |a Výskumné materiály  |v č. 41/1994 
500 |a Nepredajné 
500 |a Pravdepodobne preložené zo slovenčiny 
504 |a Obsahuje bibliografiu 
650 0 7 |a modernizmus (literatúra)  |2 SNKPH  |9 66467 
650 0 7 |a postmodernizmus (literatúra)  |2 SNKPH  |9 4084 
655 7 |a štúdie  |2 SNKPH  |9 57033 
700 1 |a Nieburová, Berta,  |d 1919-2006  |4 trl  |9 112145 
830 0 |a Výskumné materiály  |9 365900 
852 |a Slovenská národná knižnica 
919 |a 80-88738-44-X 
954 |a odborná, vedecká literatúra pôvodná (slovenská)  |2 lita 
958 |a NB 
958 |a OP 
968 |a Dt  |b SLO 
999 |c 878298  |d 880228 
952 |a SNK  |b SNK  |y PREZ  |7 0  |p 17A1012838  |o snkSC 88428   |0 0  |1 0  |4 0  |d 2012-08-20  |f 1  |l 0  |r 2026-02-24 06:06:02  |w 2026-02-24 
952 |t P60, <04>, [BOOK], {604}  |a SNK  |b SNK  |y VYP  |7 0  |p 17A0027487  |o snkSC 88428 D1  |0 0  |1 0  |4 0  |d 1996-12-12  |l 0  |r 2004-12-31 00:00:00  |w 2026-02-24